Szczegóły MARC21

Biomedyczne podstawy kształcenia i wychowania : podręcznik akademicki /

003 -Nazwa inst., której nr kontr. jest w polu 001 [,]
    • @
    • Nazwa instytucji, której n kontrolny jest w polu 001
    • NUKAT
005 -DATA I CZAS OSTATNIEJ MODYFIKACJI [,]
    • @
    • pole kontrolne
    • 20241231101546.0
020 -Międzynarod. znormalizowany nr książki - ISBN [ , ]
    • a
    • Numer ISBN
    • 9788301163297 Find
040 -Instytucja sporządzająca opis [ , ]
    • a
    • Instytucja, która sporządziła opis (NP)
    • BYDG 24/ew
    • c
    • Instytucja, która sporządziła rekord (NP)
    • BYDG 24/ew
    • d
    • Instytucja, która zmodyfikowała rekord (P)
    • BYDG 24/MM
    • d
    • Instytucja, która zmodyfikowała rekord (P)
    • BYDG 24/mps
    • d
    • Instytucja, która zmodyfikowała rekord (P)
    • GD 27/LKs
942 -Rodzaj dokumentu [ , ]
    • c
    • Rodzaj dokumentu
    • Książka
245 -Strefa tytułu i oznaczenia odpowiedzialności [0,0]
    • a
    • Tytuł
    • Biomedyczne podstawy kształcenia i wychowania : Find
    • b
    • Ciąg dalszy tytułu (NP)
    • podręcznik akademicki / Find
    • c
    • Pozostałe elementy strefy tytułu i oznaczenia odpowiedzialności (NP)
    • Barbara Woynarowska [et al.].
260 -Strefa adresu wydawniczego [ , ]
    • a
    • Miejsce wydania (P)
    • Warszawa :
    • b
    • Nazwa wydawcy (P)
    • Wydawnictwo Naukowe PWN,
    • c
    • Data wydania (P)
    • 2010.
300 -Strefa opisu fizycznego [ , ]
    • a
    • Określenie formy książki i/lub objętość (NP)
    • 406 s. :
    • b
    • Oznaczenie ilustracji (NP)
    • il. ;
    • c
    • Format (NP)
    • 24 cm.
336 -Typ zawartości [ , ]
    • a
    • Termin opisujący typ zawartości
    • Tekst
    • b
    • Kod określający zawartość
    • txt
    • 2
    • Źródło (terminu i kodu)
    • rdacontent
337 -Typ mediów [ , ]
    • a
    • Tryb odtwarzania
    • Bez urządzenia pośredniczącego
    • b
    • Kod typu mediów
    • n
    • 2
    • Źródło (terminu i kodu)
    • rdamedia
338 -Typ/rodzaj nośnika [ , ]
    • a
    • Hasło opisujące typ nośnika
    • Wolumin
    • b
    • Kod typu nośnika
    • nc
    • 2
    • Źródło (terminu i kodu)
    • rdacarrier
504 -Uwaga dot. bibliogr. załącznikowej [ , ]
    • a
    • Uwaga dot. bibliografii załącznikowej
    • Bibliogr. s. 379-393. Indeksy.
080 -Uniwersalna Klasyfikacja Dziesiętna [ , ]
    • 2
    • Identyfikator wydania tablic
    • UDC-P058
    • 9
    • UKD
    • 4553
    • a
    • Symbol klasyfikacji
    • 612.6
    • b
    • Dopowiedzenie
    • Fizjologia rozrodu, wzrastania i rozwoju. Starzenie się. Długowieczność.
    • 4
    • UKD2
    • 7665
    • x
    • Poddział wspólny
    • (075.8)
    • c
    • Dopowiedzenie poddz. wspólnego
    • (Podręczniki dla szkół wyższych. Skrypty).
080 -Uniwersalna Klasyfikacja Dziesiętna [ , ]
    • 2
    • Identyfikator wydania tablic
    • UDC-P058
    • 9
    • UKD
    • 4354
    • a
    • Symbol klasyfikacji
    • 573.7.017.6
    • b
    • Dopowiedzenie
    • Rozwój. Starzenie się. Śmierć. Długowieczność.
    • 4
    • UKD2
    • 7665
    • x
    • Poddział wspólny
    • (075.8)
    • c
    • Dopowiedzenie poddz. wspólnego
    • (Podręczniki dla szkół wyższych. Skrypty).
080 -Uniwersalna Klasyfikacja Dziesiętna [ , ]
    • 2
    • Identyfikator wydania tablic
    • UDC-P058
    • 9
    • UKD
    • 3809
    • a
    • Symbol klasyfikacji
    • 37
    • b
    • Dopowiedzenie
    • Oświata. Pedagogika. Wychowanie. Szkolnictwo. Wykorzystanie wolnego czasu.
    • 4
    • UKD2
    • 7665
    • x
    • Poddział wspólny
    • (075.8)
    • c
    • Dopowiedzenie poddz. wspólnego
    • (Podręczniki dla szkół wyższych. Skrypty).
650 -Hasło przedmiotowe [ ,7]
    • a
    • Hasło przedmiotowe
    • Biologia człowieka
    • v
    • Określnik formalny
    • podręczniki akademickie.
    • 2
    • Źródło terminu
    • kaba
    • 9
    • KHW
    • 380511
650 -Hasło przedmiotowe [ ,7]
    • a
    • Hasło przedmiotowe
    • Człowiek
    • x
    • Określnik rzeczowy
    • rozwój
    • v
    • Określnik formalny
    • podręczniki akademickie.
    • 2
    • Źródło terminu
    • kaba
    • 9
    • KHW
    • 391821
650 -Hasło przedmiotowe [ ,7]
    • a
    • Hasło przedmiotowe
    • Edukacja zdrowotna
    • v
    • Określnik formalny
    • podręczniki akademickie.
    • 2
    • Źródło terminu
    • kaba
    • 9
    • KHW
    • 380339
650 -Hasło przedmiotowe [ ,7]
    • a
    • Hasło przedmiotowe
    • Nauczyciele
    • x
    • Określnik rzeczowy
    • zdrowie i higiena
    • v
    • Określnik formalny
    • podręczniki akademickie.
    • 2
    • Źródło terminu
    • kaba
    • 9
    • KHW
    • 391825
650 -Hasło przedmiotowe [ ,7]
    • a
    • Hasło przedmiotowe
    • Uczniowie
    • x
    • Określnik rzeczowy
    • zdrowie i higiena
    • v
    • Określnik formalny
    • podręczniki akademickie.
    • 2
    • Źródło terminu
    • kaba
    • 9
    • KHW
    • 391824
650 -Hasło przedmiotowe [ ,7]
    • a
    • Hasło przedmiotowe
    • Promocja zdrowia
    • v
    • Określnik formalny
    • podręczniki akademickie.
    • 2
    • Źródło terminu
    • kaba
    • 9
    • KHW
    • 391822
650 -Hasło przedmiotowe [ ,7]
    • a
    • Hasło przedmiotowe
    • Środowisko szkolne
    • x
    • Określnik rzeczowy
    • aspekt zdrowotny
    • v
    • Określnik formalny
    • podręczniki akademickie.
    • 2
    • Źródło terminu
    • kaba
    • 9
    • KHW
    • 391823
980 -Symbol UKD [ , ]
    • a
    • UKD
    • 612.6:573.7.017.6:37](075.8)
700 -Hasło dodatkowe - nazwa osobowa [1, ]
    • a
    • Nazwa osobowa (NP)
    • Woynarowska, Barbara. Find
    • 9
    • KHW
    • 19241
710 -Hasło dodatkowe - nazwa ciała zbiorowego [2, ]
    • a
    • Nazwa ciała zbiorowego lub nazwa geograficzna jako pierwszy element (NP)
    • Wydawnictwo Naukowe PWN.
    • 4
    • Kod relacji
    • pbl
    • 9
    • KHW
    • 52648
920 -ISBN [ , ]
    • a
    • ISBN
    • 978-83-01-16329-7 Find
Sygnatura Uwagi nie widoczne w OPAC Data inwentaryzacji Lokalizacja Numer inwentarzowy Status udost.
  2010-12-06BGWM.11812-3
  2010-12-06BGWM.11813-3
  2010-12-06BGWM.11814-3
Z.114773 podr.pedagogika2010-12-06BGZ.1147731
Biologia człowieka 04 2010-12-06BMWF.87631